| 000 | 01068cam a22001934a 4500 | ||
|---|---|---|---|
| 005 | 20250605164341.0 | ||
| 008 | 250528s ||||||||||||||||||||||||d | ||
| 035 | _a23597 | ||
| 040 |
_aGR-AtMCL _bgre _dGR-AtMCL _eAACR2 |
||
| 245 | 1 | _aΟ Ρόλος της Συναισθηματικής Νοημοσύνης στη Διοίκηση Ανθρωπίνων Πόρων των Επιχειρήσεων | |
| 260 | _c2013 | ||
| 300 | _a40 | ||
| 520 | _aΕισαγωγή, Διοίκηση Αθρωπίνων Πόρων, Ολικό Μυαλό, Συναισθηματική Νοημοσύνη, Η Συναισθηματική Νοημοσύνη στο Χώρο της Εργασίας, Συμπεράσματα - Προτάσεις, Ευχαριστίες, Βιβλιογραφία - ΠαραπομπέςΛίστα Διαγραμμάτων και Σχημάτων και Εικόνων. | ||
| 700 | 1 |
_aΚοτσολάκη Αγγελική _99184 |
|
| 700 | 1 |
_aΠετρίτου Δήμητρα-Ευαγγελία _99185 |
|
| 942 | _cDS | ||
| 999 |
_c8597 _d8597 |
||